| 000 | 00719cam a2200241 a 4500 | ||
|---|---|---|---|
| 001 | 000015627 | ||
| 005 | 20250526110105.0 | ||
| 008 | 820416s1947 ag a 000 0 spa | ||
| 035 | _a(DLC) 48025629 | ||
| 040 |
_aDO-SdBNP _bspa _cCarP _dDLC _dBNPHU |
||
| 082 |
_a152.4 _bM671c |
||
| 100 | 1 |
_aMira y López, Emilio, _d1896-1964. _935218 |
|
| 245 | 1 | 0 |
_aCuatro gigantes del alma / _cEmilio Mira y López. |
| 260 |
_aBuenos Aires : _bEl Ateneo, _c1947. |
||
| 300 |
_a302 p. : _bil. ; _c21 cm. |
||
| 490 | 1 | _aCuatro gigantes del alma | |
| 650 | 0 |
_aEmociones _9156 |
|
| 650 | 4 |
_aMiedo _934406 |
|
| 650 | 4 |
_aIra _935219 |
|
| 830 | 0 |
_aCuatro gigantes del alma. _935220 |
|
| 910 | _aCatalogación derivada | ||
| 049 | _aBNGR | ||
| 999 |
_c15180 _d15180 |
||